| 000 | 00706nam a2200205 i 4500 | ||
|---|---|---|---|
| 001 | 127190 | ||
| 003 | ES-MaACL | ||
| 005 | 20250728063129.0 | ||
| 007 | t| | ||
| 008 | 070214s1957 sp r ||||1| spa d | ||
| 100 | 1 |
_aRicciotti, Giuseppe, _d1890-1964 _996885 |
|
| 245 | 1 | 0 |
_aVida de Jesucristo _b: con introducción crítica e ilustraciones / _cGiuseppe Ricciotti ; [prólogo y revisión por el Dr. Ramón Roquer Vilarrasa]. |
| 250 | _a6ª ed. | ||
| 260 |
_aBarcelona : _bLuis Miracle, _c1957. |
||
| 300 |
_a756 p. : _bil. ; _c25 cm. |
||
| 600 | 0 | 4 |
_aJesucristo- _xBiografías. _9140032 |
| 700 | 1 |
_aRoquer, Ramón. _999549 |
|
| 852 |
_aES-MaACL _jC-14963 _bR.43044 |
||
| 999 |
_c127190 _d127190 |
||